000 01118nam a2200241 i 4500
001 154829
003 ES-MaACL
005 20230906205852.0
008 011113s1791 sp |||| | spa d
100 1 _aGuarnerio y Allavena, Luis.
_9127591
245 1 0 _aReflexiones sobre el uso interno y externo de las aguas termales de Trillo /
_cpor D. Luis Guarnerio y Allavena... ; baxo la direccion del señor D. Narciso Carrascoso, y á costa del autor.
260 _aMadrid :
_ben la oficina de D. Gerónimo Ortega é Hijos de Ibarra,
_c1791.
300 _a[4], VIII, 110 p. ;
_c4º.
530 _aDisponible en formato digital.
596 _aMarca tip. en port.
597 _aSign.: Sign.: [ ]², *4, a-n4, o4-1.
597 _aAntep.
650 4 _aAguas minerales-
_zTrillo (Guadalajara)
_9172328
650 4 _aFuentes termales-
_zGuadalajara (Provincia)
_9172335
700 1 _aCarrascoso, Narciso.
_9126354
852 _aES-MaACL
_jR-3097(1)
_z- Enc. hol.
_z- Enc. en un vol. facticio
_xOlim: T-627-F
856 _uhttp://bdh-rd.bne.es/viewer.vm?id=0000063699&page=1
_zBiblioteca Digital Hispánica
999 _c154829
_d154829